000
00337nam a2200145Ia 4500
005
20251222153626.0
008
251222s9999||||xx |||||||||||||| ||spa||
020
_a
8496158152
082
_a
600/R93
100
_a
Ruiz Castro, Manuel
245
0
_a
Manual Práctico de Dolor
250
_a
1ra.ed.
264
_b
PBM, S.L.
942
_c
LIB
999
_c
32193
_d
32193